000 00879nam a22002297a 4500
999 _c10088
_d10088
003 AR-CdUCM
008 190329b ||||| |||| 00| 0 spa d
040 _aMUNICIPALIDAD PROVINCIAL DEL CUSCO
_cBIBLIOTECA MUNICIPAL DEL CUSCO
082 _a784.4946 /
_bP36 / 1948
100 _aPedrell, Felipe
_926745
245 _aCancionero Musical popular Español /
260 _aBarcelona :
_bCasa editorial de musica Boileau,
_c1948.
300 _a149 paginas ;
_c25 cm.
500 _aMusica
505 _aContenido: t.4: Cancionero musical popular español -- t.3: el texto homofono de la cantiga -- albuquerque -- lealtad -- granada --t.2: canto popular en la vida publica -- anotaciones -- esclarecimientos -- danza prima
650 _aMusica
_91443
650 _aArte
_9561
650 _aCancionero
_96729
650 _aEspañol
_97869
942 _2ddc
_cLIBROS
945 _apjha